000 nam a22 7a 4500
999 _c328813
_d328813
003 Nust
005 20170417140243.0
008 170417b xxu||||| |||| 00| 0 eng d
040 _cdlc
082 _a576.8 SCI
245 _aScience Evolution, and Creationism
942 _2ddc
_cBK